Catálogo

NUEVOS PARADIGMAS DEL DESARROLLO REGIONAL EN MEXICO : (Registro nro. 36202)

Detalles MARC
000 -LEADER
fixed length control field 00575nam a2200169 a 4500
001 - CONTROL NUMBER
control field 36202
005 - DATE AND TIME OF LATEST TRANSACTION
control field 20180714004713.0
008 - FIXED-LENGTH DATA ELEMENTS--GENERAL INFORMATION
fixed length control field 140415s2000 mx 000 0 spa d
041 ## - LANGUAGE CODE
Language code of text/sound track or separate title spa
082 ## - DEWEY DECIMAL CLASSIFICATION NUMBER
Classification number 351.818
Item number FLO
100 1# - MAIN ENTRY--PERSONAL NAME
Personal name Flores González, Sergio,.
245 10 - TITLE STATEMENT
Title NUEVOS PARADIGMAS DEL DESARROLLO REGIONAL EN MEXICO :
Remainder of title APUNTES PARA LA COMPRENSION DE OTROS ENFOQUES EN SU ESTUDIO
250 ## - EDITION STATEMENT
Edition statement 1a ed.
260 ## - PUBLICATION, DISTRIBUTION, ETC.
Place of publication, distribution, etc. MEXICO :
Name of publisher, distributor, etc. BENEMERITA UNIVERSIDAD AUTONOMA DE PUEBLA,
Date of publication, distribution, etc. 2000
300 ## - PHYSICAL DESCRIPTION
Extent 271
650 14 - SUBJECT ADDED ENTRY--TOPICAL TERM
Topical term or geographic name entry element DESARROLLO URBANO
General subdivision PLANIFICACION REGIONAL
Existencias
Withdrawn status Lost status Source of classification or shelving scheme Damaged status Not for loan Collection code Home library Current library Shelving location Date acquired Source of acquisition Inventory number Total Checkouts Full call number Barcode Date last seen Price effective from Koha item type
    Dewey Decimal Classification     General Biblioteca Karol Wojtyla Biblioteca Karol Wojtyla Sala general 03/12/2013 Compra 151000000000000000048332   351.818 FLO 54677 05/01/2026 03/12/2013 Libro
    Dewey Decimal Classification     General Biblioteca Karol Wojtyla Biblioteca Karol Wojtyla Sala general 03/12/2013 Compra 151000000000000000048331   351.818 FLO 54552 05/01/2026 03/12/2013 Libro